El ejército, la patria y la conciencia
I tiakina i:
| Ngā kaituhi matua: | , |
|---|---|
| Hōputu: | Pukapuka |
| Reo: | Pāniora |
| I whakaputaina: |
Barcelona
Nova Terra
1966
|
| Rangatū: | Colección Punto de Vista
|
| Ngā marau: | |
| Ngā Tūtohu: |
Tāpirihia he Tūtohu
Kāore He Tūtohu, Me noho koe te mea tuatahi ki te tūtohu i tēnei pūkete!
|
MARC
| LEADER | 00000nam a2200000 a 4500 | ||
|---|---|---|---|
| 001 | UCT6417 | ||
| 003 | CL-VaPUC | ||
| 008 | 970113e19660000SP |||||||||||||||||spa|d | ||
| 082 | 0 | 4 | |a 172.13 |b CON |2 21 |
| 100 | |a Congar, Yves |e author |d 1904-1995 |9 589269 | ||
| 700 | 0 | |a Folliet, Joseph |e author |9 376607 | |
| 245 | 1 | 3 | |a El ejército, la patria y la conciencia |
| 300 | |a 156 p | ||
| 942 | |c BK | ||
| 945 | |d 19970113 00:00:00 |a rbrito | ||
| 260 | |a Barcelona |b Nova Terra |c 1966 | ||
| 650 | 0 | |a Ejércitos |9 323161 | |
| 650 | 0 | |a Fuerzas Armadas |9 255504 | |
| 650 | 0 | |a Derecho militar |9 255065 | |
| 650 | 0 | |a Conciencia |9 309452 | |
| 650 | 7 | |a ETICA MILITAR |2 CL-VaPUC |9 376608 | |
| 583 | |a last modification |c 19970113 00:00:00 |k Rodrigo Vera | ||
| 490 | 0 | |a Colección Punto de Vista | |
| 999 | |c 255124 |d 255122 | ||
| 952 | |0 0 |1 2 |4 0 |6 172_130000000000000_CON_1966 |7 0 |8 A |9 277228 |a BIBTEO |b BIBTEO |d 2019-11-19 |i 2010070 |o 172.13 CON 1966 |p 2010070 |r 2019-11-19 |w 2019-11-19 |x Descarte 2019 |y BK |k ICR | ||